000 00648nam a22002417a 4500
003 UA-OsUOA
001 44400
007 ta
008 20070221b un ||||| |||| 00| 0 ukr d
100 _aСадохин А.П.
090 _a316.7(075.8)
_bС14
942 _cBK
040 _aUA-OsUOA
_brus
_cUA-OsUOA
_dUA-OsUOA
245 _aВведение в теорию межкультурной коммуникации
300 _a310 с.
955 _a4
041 _arus
080 _a316.7(075.8)
020 _a5-60-005293-1
260 _aМ.
_bВысшая школа
_c2005
650 7 _a316 Соціологія
_2UDC
999 _c330516
_d330516